Art of Creative Writing/ (Record no. 208974)

MARC details
000 -LEADER
fixed length control field 00643nam a22002057a 4500
005 - DATE AND TIME OF LATEST TRANSACTION
control field 20250212110424.0
010 ## - LCCN (DPL NO)
LC control number ENG-143734
020 ## - INTERNATIONAL STANDARD BOOK NUMBER
Terms of availability 599.00
International Standard Book Number 9878119798377
035 ## - SYSTEM CONTROL NUMBER
System control number EN-127266
037 ## - SOURCE OF ACQUISITION
Source of stock number/acquisition DBAD
082 ## - DEWEY DECIMAL CLASSIFICATION NUMBER
Classification number 372.623
Edition number 1
100 ## - MAIN ENTRY--PERSONAL NAME
Personal name Menon, Ramesh
245 ## - TITLE STATEMENT
Title Art of Creative Writing/
Statement of responsibility, etc by Ramesh Menon
250 ## - EDITION STATEMENT
Edition statement 1
260 ## - PUBLICATION, DISTRIBUTION, ETC. (IMPRINT)
Place of publication, distribution, etc New Delhi
Name of publisher, distributor, etc Har-Anand Publications Pvt Ltd
Date of publication, distribution, etc 2024
270 ## - ADDRESS
City New Delhi
Postal code 110020
Address E-49/3, Okhla Industrial Area, Phase II
Electronic mail address info@haranandbooks.com
300 ## - PHYSICAL DESCRIPTION
Extent 216p.
Dimensions 21cm(pb)
700 ## - ADDED ENTRY--PERSONAL NAME
Personal name Ramesh Menon
Relator term Translator
9 (RLIN) 77463
942 ## - ADDED ENTRY ELEMENTS (KOHA)
Source of classification or shelving scheme Dewey Decimal Classification
Item type English Books
Call number suffix MEN
Classification part 372.623
Holdings
Withdrawn status Lost status Not for loan Collection code Home library Current library Date acquired Source of acquisition Cost, normal purchase price Full call number Barcode Copy number Cost, replacement price Koha item type
      Non-fiction Central Library Central Library 12/02/2025 Delivery of Books Act Division 599.00 MEN 372.623 EN-127266 1 599.00 English Books

© Delhi Public Library
Hit Counter
free hit counter